000 01247cam a22002174a 4500
005 20250605164333.0
008 250528s ||||||||||||||||||||||||d
035 _a23315
020 _a9781405175937
040 _aGR-AtMCL
_bgre
_dGR-AtMCL
_eAACR2
245 1 _aHealth and Social Care
250 _a1st
260 _c2009
300 _a204
520 _aInterprofessional Teamwork, Management of Self, Health Service Users and their Families, Reflection and Professional Practice, Challenges of Client- Centred Practice in Professional Practice, Empowerment in the context of Practice: The Times, Cultural Issues in Professional Practice, The Ethics of Healthcare and Multiprofessional dilemmas, Documentation and the Use of the International Classification pf Functioning, Disability and Health in Interprofessional Work, Preparation for Professional Practice: evidence-based Practice, The Golden Thread of Continuing Professional Development - Continuing Professional Development and Professional Portfolios Margaret Gallagher, Preparation for Health and Social Care Employment, Career Planning for Therapists
700 1 _aAtwal Anita
_98775
700 1 _aJones Mandy
_98776
942 _cBK
999 _c8341
_d8341